Oezbekistan Trivia Quiz - Statistieken

Algemene statistieken
  • Deze quiz is 259 keer genomen
  • De gemiddelde score is 10 van 17
Antwoordstatistieken
Hint Antwoord % Correct
Tot 1991 was Oezbekistan onderdeel van dit land Sovjet-Unie
96%
Elk land dat aan Oezbekistan grenst eindigt op deze vier letters Stan
94%
Dominante religie Islam
92%
Sommige noemen het de "de facto" tweede taal Russisch
87%
Hoofdstad Tasjkent
80%
Belangrijke handelsroute die door Oezbekistan liep in de 18e eeuw {Zijde}route
78%
Officiële taal Oezbeeks
76%
Regio waar Oezbekistan onderdeel van is {Centraal} Azië
73%
Vroeger 's werelds op vier na grootste meer, nu is het grootste deel verdampt {Aral}meer
63%
Veroveraar die Oezbekistan veroverde in 327 v.Chr. Alexander de Grote
56%
Eerste grote rijk waar Oezbekistan deel van was Perzische Rijk
50%
Op één na grootste stad Samarkand
38%
Grotere ethnische groep waartoe Oezbeken, Kazachen en Oeigoeren behoren {Turkse} volkeren
38%
Oezbekistan's grootste exportgewas Katoen
34%
Krijgsheer, geboren in de stad Sjahrisabz in 1336, wiens veroveringen naar schatting 5% van de wereldbevolking hebben gedood Timoer
28%
Valuta van Oezbekistan Sum
20%
Oezbekistan hoorde bij deze landstreek in de oudheid Bactrië
13%
Geen overeenkomende quizzen gevonden
Scoreverdeling
Procent van Mensen met Elke Score
Percentiel versus Aantal Correcte Antwoorden
Uw Scoregeschiedenis
U heeft deze quiz nog niet genomen